Statistics for Biggest Countries of Africa

Click here to take the quiz!

General Stats

  • This quiz has been taken 167 times
    (153 since last reset)
  • The average score is 18 of 20

Answer Stats

Area (km2)Country% Correct
1,221,037South Africa
99%
2,381,740Algeria
99%
2,344,858DR Congo
99%
1,001,449Egypt
99%
1,861,484Sudan
98%
1,759,540Libya
96%
1,284,000Chad
96%
1,267,000Niger
95%
1,246,700Angola
93%
1,104,300Ethiopia
92%
923,768Nigeria
92%
945,203Tanzania
90%
637,657Somalia
89%
1,240,192Mali
89%
825,418Namibia
89%
801,590Mozambique
86%
622,984Central African Republic
84%
644,329South Sudan
84%
752,614Zambia
83%
1,030,700Mauritania
81%

Score Distribution

Percentile by Number Answered

Percent of People with Each Score

Your Score History

You have not taken this quiz since the last reset